[Event "Dortmund op-A"]
[Site "Dortmund"]
[Date "2007.06.29"]
[Round "7"]
[White "Tkachuk, Konstantyn"]
[Black "Redder, Jan Philipp"]
[Result "0-1"]
[WhiteElo "2133"]
[BlackElo "1934"]
[PlyCount "60"]
[EventDate "2007.06.22"]
[EventType "swiss"]
[EventRounds "9"]
[EventCountry "GER"]
[SourceTitle "EXT 2008"]
[Source "ChessBase"]
[SourceDate "2007.11.25"]
[SourceVersion "1"]
[SourceVersionDate "2007.11.25"]
[SourceQuality "1"]

1. e4 e5 2. Nf3 Nc6 3. Bc4 Bc5 4. b4 Bxb4 5. c3 Ba5 6. d4 exd4 7. 0-0 Nge7 8. cxd4 d5 9. exd5 Nxd5 10. Qb3 Be6 11. Qxb7 Ndb4 12. Bb5 0-0 13. Bxc6 Rb8 14. Qxa7 Nxc6 15. Qc5 Bd5 16. Nbd2 Bb4 17. Qc2 Bxd2 18. Nxd2 Nxd4 19. Qc5 Ne2+ 20. Kh1 Rb6 21. Ba3 Re8 22. Rad1 Qh4 23. Nf3 Bxf3 24. gxf3 Qf4 25. Qe3 Qa4 26. Qc5 Rh6 27. Bb4 Qxa2 28. Rfe1 Qa6 29. Rd7 Qf6 30. Qd5 Qf4 0-1

[Event "Duisburg Grossenbaum op"]
[Site "Duisburg"]
[Date "2006.06.04"]
[Round "4"]
[White "Redder, Jan Philipp"]
[Black "Fichtner, Ewald"]
[Result "1-0"]
[WhiteElo "1855"]
[BlackElo "1442"]
[PlyCount "71"]
[EventDate "2006.06.02"]
[EventType "swiss"]
[EventRounds "7"]
[EventCountry "GER"]
[SourceTitle "EXT 2007"]
[Source "ChessBase"]
[SourceDate "2006.11.23"]
[SourceVersion "1"]
[SourceVersionDate "2006.11.23"]
[SourceQuality "1"]

1. d4 e6 2. e4 c5 3. Nf3 d5 4. exd5 exd5 5. Bb5+ Bd7 6. Bxd7+ Nxd7 7. 0-0 Ngf6 8. Re1+ Be7 9. Bf4 0-0 10. c3 Re8 11. Nbd2 Qb6 12. Rb1 Bd6 13. Be3 Qc7 14. h3 Bf4 15. Qc2 h6 16. Qf5 Bxe3 17. fxe3 g6 18. Qc2 Ne4 19. Nxe4 dxe4 20. Nd2 f5 21. Qb3+ Kg7 22. Rf1 cxd4 23. cxd4 Rac8 24. Rbc1 Qb6 25. Qa3 Rxc1 26. Rxc1 Re6 27. Rc8 Qa6 28. Qxa6 bxa6 29. Rc7 Re7 30. Rxa7 Kf6 31. Rxa6+ Kg5 32. Ra7 Kf6 33. Nb3 Nb6 34. Ra6 Re6 35. Nc5 Rd6 36. Rxb6 1-0

[Event "Duisburg Grossenbaum op"]
[Site "Duisburg"]
[Date "2006.06.03"]
[Round "2"]
[White "Redder, Jan Philipp"]
[Black "Kraft, Ingo"]
[Result "1-0"]
[WhiteElo "1855"]
[BlackElo "1457"]
[PlyCount "47"]
[EventDate "2006.06.02"]
[EventType "swiss"]
[EventRounds "7"]
[EventCountry "GER"]
[SourceTitle "EXT 2007"]
[Source "ChessBase"]
[SourceDate "2006.11.23"]
[SourceVersion "1"]
[SourceVersionDate "2006.11.23"]
[SourceQuality "1"]

1. d4 f5 2. Nc3 Nf6 3. e4 fxe4 4. f3 d6 5. fxe4 Bg4 6. Nf3 e6 7. Bd3 Be7 8. Be3 0-0 9. Qe2 Nc6 10. a3 Nd7 11. 0-0-0 Bf6 12. Bc4 Nb6 13. h3 d5 14. exd5 exd5 15. Nxd5 Nxd5 16. hxg4 Kh8 17. g5 Nxe3 18. Qxe3 Nxd4 19. Rxh7+ Kxh7 20. Rh1+ Kg6 21. Qe4+ Nf5 22. Nh4+ Kxg5 23. Qxf5+ Kh6 24. Qg6# 1-0

[Event "NRW U18 op"]
[Site "Olpe"]
[Date "2005.10.03"]
[Round "5.18"]
[White "Redder, Jan Philipp"]
[Black "Heinichen, Nils"]
[Result "1-0"]
[WhiteElo "1709"]
[BlackElo "1492"]
[PlyCount "77"]
[EventDate "2005.10.01"]
[EventType "swiss"]
[EventRounds "7"]
[EventCountry "GER"]
[SourceTitle "CBM 108 Extra"]
[Source "ChessBase"]
[SourceDate "2005.11.04"]
[SourceVersion "1"]
[SourceVersionDate "2005.11.04"]
[SourceQuality "1"]

1. d4 Nf6 2. Nc3 g6 3. Nf3 Bg7 4. e4 0-0 5. Bc4 d6 6. Be3 Nbd7 7. 0-0 c6 8. e5 Ne8 9. e6 fxe6 10. Bxe6+ Kh8 11. Ng5 d5 12. Nf7+ Rxf7 13. Bxf7 Nd6 14. Be6 Nb6 15. Bxc8 Rxc8 16. Ne2 Nf5 17. b3 e5 18. c3 Nd7 19. Rc1 Qe7 20. Ng3 Nxe3 21. fxe3 Bh6 22. Re1 Qf6 23. Rc2 Rf8 24. Rce2 Re8 25. dxe5 Nxe5 26. e4 Rd8 27. exd5 Rxd5 28. Qc2 Kg8 29. c4 Rc5 30. Ne4 Qf4 31. Nxc5 Qd4+ 32. Kh1 Ng4 33. Re8+ Kf7 34. R1e7+ Kf6 35. Ne4+ Kf5 36. Rf7+ Nf6 37. Rxf6+ Kg4 38. Qe2+ Kh4 39. h3 1-0

[Event "NRW Holiday U16"]
[Site "Wewelsburg"]
[Date "2003.09.09"]
[Round "5"]
[White "Redder, Jan Philipp"]
[Black "Ratkovitch, Dimitri"]
[Result "0-1"]
[WhiteElo "1478"]
[BlackElo "1861"]
[PlyCount "52"]
[EventDate "2003.09.??"]
[EventType "swiss"]
[EventRounds "7"]
[EventCountry "GER"]
[SourceTitle "EXT 2005"]
[Source "ChessBase"]
[SourceDate "2004.11.15"]
[SourceVersion "1"]
[SourceVersionDate "2004.11.15"]
[SourceQuality "1"]

1. e4 d6 2. d4 Nf6 3. Bd3 g6 4. c3 Bg7 5. Nf3 0-0 6. Nbd2 Nbd7 7. Qc2 e5 8. dxe5 dxe5 9. Nc4 Qe7 10. Bg5 h6 11. Bh4 a6 12. Bg3 Nh5 13. 0-0-0 Nxg3 14. hxg3 b5 15. Ne3 Nb6 16. Nh2 Be6 17. b3 c5 18. Qe2 c4 19. bxc4 bxc4 20. Bxc4 Qa3+ 21. Kb1 Nxc4 22. Nxc4 Rab8+ 23. Ka1 Qxc3+ 24. Nb2 Qa3 25. Nd3 Bc4 26. Rhe1 Qc3+ 0-1